000 00548nam a22001577a 4500
008 170329b xxu||||| |||| 00| 0 eng d
020 _a0-7637-0313-3
082 _21997
_aDC 005.1
_bR54
100 _919571
_aRobergé, James
245 _aData structures in C++ :
_ba laboratory course /
_cJames Robergé
260 _aLexington, Mass. :
_bD.C. Heath,
_cc1997.
300 _axvi, 326 pages :
_billustrations ;
_c28 cm.
650 0 _919572
_aC++ (Computer program language)
650 0 _919573
_aData structures (Computer science)
942 _2ddc
_cDC
999 _c6467
_d6467